000 00467cam a22001457a 4500
008 180718b2010 xxu||||| |||| 00| 0 eng d
020 _a0195669762
082 _aF5x54 J334
245 _aThe Oxford companion to politics in India
_cedited by Niraja Gopal Jayal and Pratap Bhanu Mehta
260 _aNew Delhi
_bOxford Univ. Press
_c2010
300 _a618p.
650 _aIndia -Ploitics and government
700 _aMehta, Pratap Bhanu
700 _aJayal, Niraja Gopal
999 _c436780
_d436780